00572nam a22002057a 450000500170000001000130001702000230003003500130005303700160006604000120008208200110009410000180010524500740012326000290019727000460022630000270027265000200029965000220031970000250034120170124110132.0 aA-938073 c100.00a0333923219 aA-938073 bCen Lib/Ret aDPLbEN aNbMOH aMohamed, N. P aThe eye of God /cby N. P. Mohamed ; translated by Gita Krishnankutty aChennaibMacmillanc1997 a21 Patullos Road ChennaibChennaie600002 axiii,148p. c21cm(pbk) aEnglish fiction aMalayalam fiction aKrishnankutty, Gita